000 00841nmc a2200301 a 4500
003 AR-BaBNM
005 20251128204517.0
008 235019s1986 ||||||||||||||000 | spa||
020 _a84-2065-8099-0
040 _cAR-BaBNM
100 1 _aAzorín, Francisco
245 1 0 _aMétodos y aplicaciones del muestreo
260 _aMadrid
_bAlianza Editorial
_c1986
300 0 _a396 p.
_bgráfs.
490 0 _aAlianza universidad Textos
500 0 _aAnexos en p. 367-388
504 _aBibliografía al final de cada capítulo
650 4 _aMETODOS DE INVESTIGACION
650 4 _aENCUESTAS
650 4 _aMUESTREO DE DATOS
650 4 _aANALISIS DE DATOS
650 4 _aINVESTIGACION DE CAMPO
650 4 _aCUESTIONARIOS
650 4 _aCONTROL DE CALIDAD
700 1 _aSánchez Crespo, José Luis
942 _cBK
998 _cMarce
999 _c7715
_d7715